The gravels of East Anglia / (Record no. 25678)

MARC details
000 -LEADER
fixed length control field 00715cam a22002411i 4500
001 - CONTROL NUMBER
control field gs 16000471
003 - CONTROL NUMBER IDENTIFIER
control field DLC
005 - DATE AND TIME OF LATEST TRANSACTION
control field 20260227111319.0
008 - FIXED-LENGTH DATA ELEMENTS--GENERAL INFORMATION
fixed length control field 800718s1916 enka b 000 0 eng
010 ## - LIBRARY OF CONGRESS CONTROL NUMBER
LC control number gs 16000471
035 ## - SYSTEM CONTROL NUMBER
System control number (OCoLC)6528068
040 ## - CATALOGING SOURCE
Original cataloging agency DLC
Transcribing agency NNM
Modifying agency DLC
042 ## - AUTHENTICATION CODE
Authentication code premarc
043 ## - GEOGRAPHIC AREA CODE
Geographic area code e-uk-en
050 00 - LIBRARY OF CONGRESS CALL NUMBER
Classification number QE261
Item number .H82
100 1# - MAIN ENTRY--PERSONAL NAME
Personal name Hughes, Thomas McKenney,
Dates associated with a name 1832-1917.
245 14 - TITLE STATEMENT
Title The gravels of East Anglia /
Statement of responsibility, etc. by T. McKenny Hughes.
260 ## - PUBLICATION, DISTRIBUTION, ETC.
Place of publication, distribution, etc. Cambridge :
Name of publisher, distributor, etc. At the University Press,
Date of publication, distribution, etc. 1916.
300 ## - PHYSICAL DESCRIPTION
Extent 58 p. :
Other physical details ill. ;
Dimensions 22 cm.
504 ## - BIBLIOGRAPHY, ETC. NOTE
Bibliography, etc. note Includes bibliographical footnotes.
650 #0 - SUBJECT ADDED ENTRY--TOPICAL TERM
Topical term or geographic name entry element Geology
Geographic subdivision England
-- East Anglia.
650 #0 - SUBJECT ADDED ENTRY--TOPICAL TERM
Topical term or geographic name entry element Geology, Stratigraphic
Chronological subdivision Tertiary.

No items available.

Powered by Koha